01296nam a2200241 i 4500001000300000003000400003005001700007008003900024040000800063041000800071080001300079080000900092245043200101246006800533246018300601260002600784650003000810655002900840700002600869700002000895700004100915856009800956bgBPK20200513112528.0 s1987 pl f |100 0 pol cBPK apol a628.1/.8 a(06)00aII Ogólnopolska Konferencja Naukowa na temat Kompleksowe i szczegółowe problemy inżynierii środowiska :bzbiór referatów.nZ.5-monotematyczny,pBadania i opracowanie technologii odzysku węglika krzemu ze ścieków poprodukcyjnych Fabryki Materiałów i Wyrobów Ściernych KORUND w Kole oraz Huty Szkła w Zawierciu /caut. Tadeusz Piecuch, Wojciech Radzkowski, Adam Świech ; [red. nauk. Tadeusz Piecuch].30aKompleksowe i szczegółowe problemy inżynierii środowiska30aBadania i opracowanie technologii odzysku węglika krzemu ze ścieków poprodukcyjnych Fabryki Materiałów i Wyrobów Ściernych KORUND w Kole oraz Huty Szkła w Zawierciu aCzęstochowa,c1987. 4aInżynieria środowiska 4aMateriały konferencyjne1 aRadzkowski, Wojciech.1 aŚwiech, Adam.1 aPiecuch, Tadeuszd(1946-2018)eAutor uhttp://koha.tu.koszalin.pl/cgi-bin/koha/opac-detail.pl?biblionumber=23420yKatalog online BPK